[Event "World Junior Chess Championship U18 b"]
[Site "Gaziantep"]
[Date "2008.08.10"]
[Round "8.9"]
[White "Ragger, Markus"]
[Black "Andreikin, Dmitry"]
[Result "0-1"]
[WhiteElo "2527"]
[BlackElo "2604"]
[PlyCount "133"]
[EventDate "2008.08.??"]
[EventType "swiss"]
[EventRounds "13"]
[EventCountry "TUR"]

1. e4 e6 2. d4 d5 3. Nc3 Nf6 4. e5 Nfd7 5. f4 c5 6. Nf3 Qb6 7. Be3 Nc6 8. Qd2
Qxb2 9. Rb1 Qa3 10. Nb5 Qxa2 11. Rc1 Rb8 12. Be2 cxd4 13. Nfxd4 Bb4 14. c3
Qxd2+ 15. Kxd2 Bc5 16. Rb1 Na5 17. Ra1 Bxd4 18. Rxa5 Bxe3+ 19. Kxe3 a6 20. Nd6+
Ke7 21. Ra2 f6 22. Kd4 Rf8 23. g3 Ra8 24. Rb1 b6 25. Bb5 Nc5 26. Bd3 Rb8 27.
Rab2 fxe5+ 28. fxe5 Nxd3 29. Kxd3 b5 30. Ra2 Kd7 31. Rba1 Rf3+ 32. Kd4 b4 33.
Rb2 Rxc3 34. Rxb4 Rxb4+ 35. Kxc3 Rb8 36. Kd4 Kd8 37. Kc5 Kc7 38. Kd4 Rb4+ 39.
Kc5 Rb2 40. Kd4 Rd2+ 41. Ke3 Rc2 42. Kd3 Rc6 43. Ne8+ Kb6 44. Rb1+ Ka7 45. Nd6
Rc7 46. h4 Bd7 47. g4 a5 48. g5 g6 49. Kd4 a4 50. Kd3 Ka6 51. Kd2 Ka5 52. Nb7+
Ka6 53. Nd6 Rc5 54. Kd3 a3 55. Ra1 Ra5 56. Kc3 a2 57. Kb2 Kb6 58. Nf7 d4 59.
Rxa2 Rxa2+ 60. Kxa2 Kc5 61. Kb2 Kd5 62. Kc1 Bb5 63. Kd2 Ba6 64. Ke1 Ke4 65. Kd2
Kf4 66. Nh6 Kxe5 67. Ng4+ 0-1

[Event "World Junior Chess Championship U18 b"]
[Site "Gaziantep"]
[Date "2008.08.10"]
[Round "8.10"]
[White "Wen, Yang"]
[Black "Amin, Bassem"]
[Result "1/2-1/2"]
[WhiteElo "2487"]
[BlackElo "2561"]
[PlyCount "84"]
[EventDate "2008.08.??"]
[EventType "swiss"]
[EventRounds "13"]
[EventCountry "TUR"]

1. e4 e5 2. Bc4 Nc6 3. Nf3 Nf6 4. d3 Bc5 5. c3 a6 6. Bb3 O-O 7. O-O Ba7 8. Bg5
h6 9. Bh4 d6 10. Nbd2 Bg4 11. h3 Be6 12. Kh1 Kh8 13. Nh2 g5 14. Bg3 Ne7 15. Nc4
Ng6 16. Ne3 Qd7 17. Qf3 Ng8 18. Nhg4 Bxe3 19. Nxe3 Qb5 20. Nd5 Bxd5 21. Bxd5
Kg7 22. a4 Qxb2 23. Rab1 Qxc3 24. Rfc1 Qa5 25. Rxb7 Rac8 26. d4 N8e7 27. dxe5
dxe5 28. Bb3 c6 29. Rd7 Rcd8 30. Rcd1 Rxd7 31. Rxd7 Qb4 32. Kh2 Nf4 33. Bxf4
exf4 34. Qd1 Ng6 35. Qa1+ Kg8 36. Ba2 Qc5 37. Qf6 Ne5 38. Qxh6 Nf3+ 39. gxf3
Qxf2+ 40. Kh1 Qf1+ 41. Kh2 Qf2+ 42. Kh1 Qf1+ 1/2-1/2

[Event "World Junior Chess Championship U18 b"]
[Site "Gaziantep"]
[Date "2008.08.10"]
[Round "8.11"]
[White "Negi, Parimerjan"]
[Black "Iturrizaga, Bonelli Eduardo Pat"]
[Result "1-0"]
[WhiteElo "2529"]
[BlackElo "2561"]
[PlyCount "70"]
[EventDate "2008.08.??"]
[EventType "swiss"]
[EventRounds "13"]
[EventCountry "TUR"]

1. e4 c5 2. Nf3 Nc6 3. Nc3 g6 4. d4 cxd4 5. Nxd4 Bg7 6. Be3 Nf6 7. Nb3 O-O 8.
Be2 d6 9. O-O Be6 10. f4 Qc8 11. Kh1 Rd8 12. Bg1 b6 13. Bd3 d5 14. e5 Ne4 15.
Bxe4 dxe4 16. Qe2 f5 17. exf6 exf6 18. Qxe4 f5 19. Qf3 Nb4 20. Rad1 Qc4 21. Nd4
Bf7 22. b3 Qc8 23. a3 Bxd4 24. Rxd4 Nxc2 25. Rxd8+ Qxd8 26. Rd1 Qf8 27. Nd5 Rc8
28. Nf6+ Kg7 29. Qe2 Rc6 30. Nd7 Qe8 31. Ne5 Rc7 32. Rd6 Bxb3 33. Qd3 Be6 34.
h3 Qe7 35. Nc6 Ne1 1-0

[Event "World Junior Chess Championship U18 b"]
[Site "Gaziantep"]
[Date "2008.08.10"]
[Round "8.12"]
[White "Nechepurenko, Roman"]
[Black "Gupta, Abhijeet"]
[Result "1/2-1/2"]
[WhiteElo "2476"]
[BlackElo "2551"]
[PlyCount "73"]
[EventDate "2008.08.??"]
[EventType "swiss"]
[EventRounds "13"]
[EventCountry "TUR"]

1. d4 d5 2. c4 c6 3. Nf3 Nf6 4. Nc3 dxc4 5. a4 Na6 6. e4 Bg4 7. Bxc4 Bxf3 8.
gxf3 Nb4 9. Be3 e6 10. Rg1 h6 11. a5 b5 12. axb6 axb6 13. Rxa8 Qxa8 14. Ke2 b5
15. Nxb5 cxb5 16. Bxb5+ Nd7 17. Qa1 Qb7 18. Qa4 Be7 19. Bd2 O-O 20. Bxd7 Rd8
21. Be8 Kf8 22. Qb5 Qxb5+ 23. Bxb5 Nc2 24. Bc3 Nxd4+ 25. Bxd4 Rxd4 26. b3 Bd6
27. h3 Be5 28. Rc1 Ke7 29. Ke3 g5 30. Ke2 Rb4 31. Bc4 Rb7 32. Rb1 Bc3 33. Kd3
Bb4 34. Ra1 Rd7+ 35. Ke3 Bc5+ 36. Ke2 Ra7 37. Rxa7+ 1/2-1/2

[Event "World Junior Chess Championship U18 b"]
[Site "Gaziantep"]
[Date "2008.08.10"]
[Round "8.13"]
[White "Sjugirov, Sanan"]
[Black "Kalashian, David"]
[Result "1/2-1/2"]
[WhiteElo "2545"]
[BlackElo "2432"]
[PlyCount "224"]
[EventDate "2008.08.??"]
[EventType "swiss"]
[EventRounds "13"]
[EventCountry "TUR"]

1. e4 c6 2. d4 g6 3. Nc3 Bg7 4. Nf3 d6 5. h3 Nf6 6. Be2 O-O 7. O-O Nbd7 8. e5
dxe5 9. dxe5 Nd5 10. Nxd5 cxd5 11. Bf4 Nc5 12. Qd2 b6 13. Rad1 Bb7 14. Bh6 Ne6
15. Bxg7 Kxg7 16. Qe3 Qc7 17. c3 f5 18. exf6+ Rxf6 19. Ne5 Qc5 20. Ng4 Qxe3 21.
Nxe3 Nf4 22. Rfe1 Rd8 23. Bf1 Bc8 24. h4 Rfd6 25. g3 Nh5 26. Nc2 Kf6 27. Rd3 e6
28. Rf3+ Kg7 29. Nd4 a6 30. Bxa6 Bxa6 31. Nxe6+ Kg8 32. Nxd8 Rxd8 33. Re6 d4
34. cxd4 Bc4 35. Rxb6 Bxa2 36. b3 Bb1 37. g4 Ng7 38. Rf4 h5 39. f3 Ne8 40. Rc6
hxg4 41. fxg4 Kg7 42. b4 Bd3 43. Rc5 Nd6 44. d5 Rd7 45. Rd4 Bb5 46. Kf2 Re7 47.
Kf3 Rf7+ 48. Ke3 Re7+ 49. Kf4 Kf6 50. Rc3 Kg7 51. Re3 Rf7+ 52. Kg3 Rd7 53. Re6
Ba4 54. Rd3 Bb5 55. Rc3 Nc4 56. Re4 Nd6 57. Re1 Bc4 58. Kf4 Bxd5 59. Rd3 Nc4
60. Kg5 Nd6 61. Kf4 Nc4 62. Rd4 Rf7+ 63. Kg5 Nb6 64. Rf4 Rb7 65. Re5 Bf7 66.
Rb5 Be8 67. Re5 Bf7 68. h5 gxh5 69. gxh5 Nc4 70. Rc5 Nd6 71. Rd4 Nb5 72. Rg4
Nd6 73. Rc6 Ne8 74. Rf4 Rb5+ 75. Rc5 Rb7 76. Re5 Nd6 77. Rd4 Nc4 78. Rc5 Nb6
79. Rf5 Ra7 80. Rd6 Nc4 81. Rdf6 Be8 82. Rc5 Nd2 83. h6+ Kh7 84. Kf4 Rb7 85.
Ke3 Nb1 86. Re5 Bg6 87. Rg5 Be8 88. Re6 Bb5 89. Kd4 Nd2 90. Kc3 Nf3 91. Rc5 Nh4
92. Ree5 Bf1 93. Rc6 Bb5 94. Rcc5 Bf1 95. Re6 Bb5 96. Rh5 Ng6 97. Rg5 Nf4 98.
Rf6 Ne2+ 99. Kd2 Rd7+ 100. Ke3 Nc3 101. Rff5 Rd3+ 102. Kf4 Rd4+ 103. Ke5 Rd5+
104. Kf6 Rxf5+ 105. Rxf5 Kxh6 106. Ke7 Be2 107. Rc5 Nb5 108. Kd7 Kg6 109. Re5
Bf1 110. Kc6 Nd4+ 111. Kd5 Nc2 112. Kc5 Nxb4 1/2-1/2

[Event "World Junior Chess Championship U18 b"]
[Site "Gaziantep"]
[Date "2008.08.10"]
[Round "8.14"]
[White "Stupak, Kirill"]
[Black "Laznicka, Viktor"]
[Result "0-1"]
[WhiteElo "2458"]
[BlackElo "2601"]
[PlyCount "58"]
[EventDate "2008.08.??"]
[EventType "swiss"]
[EventRounds "13"]
[EventCountry "TUR"]

1. d4 Nf6 2. Nf3 d5 3. c4 e6 4. g3 dxc4 5. Bg2 a6 6. O-O Nc6 7. e3 Bd7 8. Nc3
Nd5 9. e4 Nxc3 10. bxc3 Be7 11. e5 Na5 12. Nd2 O-O 13. Qh5 c5 14. dxc5 Bc6 15.
Be4 Bxe4 16. Nxe4 Qd5 17. Re1 f5 18. Bg5 fxe4 19. Bxe7 Rf3 20. Qg4 Rxc3 21.
Rxe4 Nc6 22. Bd6 Rd3 23. Rxc4 Nd4 24. Rxd4 Rxd4 25. Qe2 Rd2 26. Qg4 Rd8 27. a4
Rd7 28. Qb4 Rf7 29. Rf1 h6 0-1

[Event "World Junior Chess Championship U18 b"]
[Site "Gaziantep"]
[Date "2008.08.10"]
[Round "8.15"]
[White "Sengupta, Deep"]
[Black "Baramidze, David"]
[Result "1-0"]
[WhiteElo "2454"]
[BlackElo "2593"]
[PlyCount "103"]
[EventDate "2008.08.??"]
[EventType "swiss"]
[EventRounds "13"]
[EventCountry "TUR"]

1. e4 c5 2. Nf3 d6 3. d4 cxd4 4. Nxd4 Nf6 5. Nc3 Nc6 6. Bg5 e6 7. Qd2 Be7 8.
O-O-O Nxd4 9. Qxd4 O-O 10. f4 Qa5 11. e5 dxe5 12. Qxe5 Qxe5 13. fxe5 Nd5 14.
Bxe7 Nxe7 15. Bd3 b6 16. Be4 Rb8 17. Rhe1 Bb7 18. Rd7 Bxe4 19. Rxe4 Nc6 20. Nb5
Rfd8 21. Rd6 Rdc8 22. Rc4 Nxe5 23. Rxc8+ Rxc8 24. Nxa7 Rb8 25. Nc6 Nxc6 26.
Rxc6 g5 27. c4 Rb7 28. a4 Kf8 29. c5 bxc5 30. Rxc5 f5 31. a5 Ra7 32. g4 f4 33.
b4 Rd7 34. Rc2 f3 35. Rf2 Rd3 36. a6 Ra3 37. b5 Ke7 38. Rxf3 Rxf3 39. a7 Ra3
40. b6 Kf6 41. b7 Rxa7 42. b8=Q Rf7 43. Qd8+ Kg6 44. Qe8 Kf6 45. Kd2 Ra7 46.
Qd8+ Kg6 47. Qd3+ Kh6 48. Qd6 Rf7 49. Qxe6+ Kg7 50. Ke3 Rf4 51. h4 h6 52. Qe5+
1-0

[Event "World Junior Chess Championship U18 b"]
[Site "Gaziantep"]
[Date "2008.08.10"]
[Round "8.16"]
[White "Ashwin, Jayaram"]
[Black "Lenic, Luka"]
[Result "1/2-1/2"]
[WhiteElo "2436"]
[BlackElo "2584"]
[PlyCount "115"]
[EventDate "2008.08.??"]
[EventType "swiss"]
[EventRounds "13"]
[EventCountry "TUR"]

1. e4 e5 2. Nf3 Nc6 3. Bc4 Nf6 4. d3 Be7 5. O-O O-O 6. Re1 d6 7. a4 Na5 8. Ba2
c5 9. Nc3 Nc6 10. Nd5 Nxd5 11. Bxd5 Kh8 12. c3 f5 13. exf5 Bxf5 14. d4 exd4 15.
cxd4 Bf6 16. dxc5 dxc5 17. Qb3 Na5 18. Qa2 Bd3 19. Bd2 c4 20. Bxa5 Qxd5 21. Bb4
Rfe8 22. Bc3 Be2 23. Bxf6 gxf6 24. Qa3 Bxf3 25. Qxf3 Qxf3 26. gxf3 Kg7 27. Re4
Rxe4 28. fxe4 Rd8 29. Rc1 Rd4 30. f3 Rd2 31. Rxc4 Rxb2 32. f4 Kg6 33. Rd4 a5
34. Rd5 b6 35. Rd6 Kf7 36. e5 fxe5 37. fxe5 h5 38. Rc6 h4 39. h3 Ke7 40. e6 Kf6
41. Rd6 Rb4 42. Kg2 Rb3 43. Rc6 Ke7 44. Kh2 Kf6 45. Kg2 Rg3+ 46. Kh2 Re3 47.
Rxb6 Rxe6 48. Rb5 Re5 49. Rb6+ Ke7 50. Ra6 Kd7 51. Kg2 Rf5 52. Rg6 Rf4 53. Rg4
Rb4 54. Kf3 Kc6 55. Rg6+ Kc5 56. Rg5+ Kb6 57. Rg6+ Kc5 58. Rg5+ 1/2-1/2

[Event "World Junior Chess Championship U18 b"]
[Site "Gaziantep"]
[Date "2008.08.10"]
[Round "8.17"]
[White "Tomczak, Jacek"]
[Black "Zhigalko, Sergei"]
[Result "0-1"]
[WhiteElo "2451"]
[BlackElo "2583"]
[PlyCount "84"]
[EventDate "2008.08.??"]
[EventType "swiss"]
[EventRounds "13"]
[EventCountry "TUR"]

1. e4 c5 2. Nf3 Nc6 3. d4 cxd4 4. Nxd4 Nf6 5. Nc3 e5 6. Ndb5 d6 7. Bg5 a6 8.
Na3 b5 9. Nd5 Be7 10. Bxf6 Bxf6 11. c4 b4 12. Nc2 a5 13. Qf3 Be7 14. a3 bxa3
15. Qxa3 Bb7 16. Rd1 O-O 17. Be2 Rb8 18. O-O Ba8 19. Rd3 Re8 20. Rb3 Rxb3 21.
Qxb3 Qb8 22. Qa4 Qxb2 23. Nc7 Rc8 24. Nxa8 Qb7 25. Ne3 Rxa8 26. Nd5 Nd4 27. Bd3
Bf8 28. c5 dxc5 29. Rb1 Qc6 30. Qa2 c4 31. Bxc4 Rc8 32. Ne3 Qxe4 33. Bxf7+ Kh8
34. Bd5 Qd3 35. Rd1 Qb5 36. Bc4 Qb4 37. Rb1 Qc3 38. Ba6 Rd8 39. Rb7 Qc6 40.
Qxa5 Ra8 41. Rf7 Ne6 42. Qxe5 Qxa6 0-1

[Event "World Junior Chess Championship U18 b"]
[Site "Gaziantep"]
[Date "2008.08.10"]
[Round "8.18"]
[White "Le Quang, Liem"]
[Black "Pruijssers, Roeland"]
[Result "1-0"]
[WhiteElo "2577"]
[BlackElo "2452"]
[PlyCount "68"]
[EventDate "2008.08.??"]
[EventType "swiss"]
[EventRounds "13"]
[EventCountry "TUR"]

1. d4 Nf6 2. Bg5 Ne4 3. Bf4 d5 4. e3 c5 5. Bd3 Nf6 6. c3 Nc6 7. Nd2 Bg4 8. Ngf3
e6 9. O-O Be7 10. Qb3 Qc8 11. dxc5 Nd7 12. Bd6 Nxc5 13. Bxc5 Bxc5 14. Rac1 Qd7
15. Qa4 Bxf3 16. Nxf3 O-O 17. c4 dxc4 18. Qxc4 Bb6 19. Rfd1 Qe7 20. Qe4 f5 21.
Qa4 Rad8 22. Bb5 Rxd1+ 23. Rxd1 Rd8 24. Rc1 Nb4 25. Qb3 Nd5 26. Bc4 Nc7 27. a4
Kf8 28. g3 Qf6 29. a5 Bc5 30. Qxb7 Qe7 31. Ba2 Nd5 32. Qc6 Bb4 33. Nd4 Rd6 34.
Qc8+ Kf7 1-0

[Event "World Junior Chess Championship U18 b"]
[Site "Gaziantep"]
[Date "2008.08.10"]
[Round "8.19"]
[White "Geetha, Narayanan Gopal"]
[Black "Karthikeyan, Pandian"]
[Result "1/2-1/2"]
[WhiteElo "2572"]
[BlackElo "2402"]
[PlyCount "36"]
[EventDate "2008.08.??"]
[EventType "swiss"]
[EventRounds "13"]
[EventCountry "TUR"]

1. e4 e5 2. Nf3 Nf6 3. d4 Nxe4 4. Bd3 d5 5. dxe5 Nc5 6. O-O Be7 7. Be2 O-O 8.
Be3 Nc6 9. Nc3 Be6 10. Bb5 f6 11. Bxc6 bxc6 12. exf6 Rxf6 13. Nd4 Bd7 14. f4
Ne6 15. Nxe6 Rxe6 16. Bd4 Bd6 17. g3 c5 18. f5 Re5 1/2-1/2

[Event "World Junior Chess Championship U18 b"]
[Site "Gaziantep"]
[Date "2008.08.10"]
[Round "8.20"]
[White "Khamrakulov, Dzhurabek"]
[Black "Potapov, Pavel"]
[Result "1/2-1/2"]
[WhiteElo "2554"]
[BlackElo "2418"]
[PlyCount "96"]
[EventDate "2008.08.??"]
[EventType "swiss"]
[EventRounds "13"]
[EventCountry "TUR"]

1. e4 c5 2. Nf3 Nc6 3. Bc4 e6 4. Nc3 Nf6 5. Qe2 d6 6. d3 Be7 7. Bb3 O-O 8. O-O
Rb8 9. a4 a6 10. Bf4 e5 11. Bg3 Bg4 12. Qe3 Nd4 13. Nd2 Be2 14. Nxe2 Ng4 15.
Nxd4 Nxe3 16. fxe3 cxd4 17. exd4 exd4 18. h3 Qd7 19. Rf5 Rbc8 20. Raf1 Bf6 21.
Nc4 Rxc4 22. Bxc4 Qe7 23. Bb3 h6 24. R1f3 Kh7 25. Bf2 Be5 26. Bxf7 Rd8 27. Bb3
b5 28. axb5 axb5 29. g4 Bf6 30. Rxf6 gxf6 31. Bxd4 Rf8 32. Rf5 b4 33. Kg2 Kg6
34. h4 Qc7 35. Kh3 Qb7 36. Ra5 Qc8 37. h5+ Kh7 38. Ra7+ Kh8 39. Be3 d5 40. Bd4
Qb8 41. Bxd5 Qf4 42. Ra1 Qf3+ 43. Kh2 Rc8 44. c4 bxc3 45. Bxc3 Rc7 46. Be6 Kg7
47. Bf5 Qxd3 48. Bxf6+ Kf7 1/2-1/2

[Event "World Junior Chess Championship U18 b"]
[Site "Gaziantep"]
[Date "2008.08.10"]
[Round "8.21"]
[White "Leon Hoyos, Manuel"]
[Black "Pacher, Milan"]
[Result "1-0"]
[WhiteElo "2543"]
[BlackElo "2361"]
[PlyCount "89"]
[EventDate "2008.08.??"]
[EventType "swiss"]
[EventRounds "13"]
[EventCountry "TUR"]

1. c4 e5 2. g3 Nf6 3. Bg2 d5 4. cxd5 Nxd5 5. Nc3 Nb6 6. d3 Be7 7. Be3 O-O 8. a4
c6 9. Nf3 N8d7 10. O-O Re8 11. Qb3 Bc5 12. a5 Bxe3 13. fxe3 Nc5 14. Qa3 Nbd7
15. b4 Ne6 16. Ne4 Nc7 17. Nfg5 Rf8 18. Qb3 Nd5 19. Bh3 N7f6 20. Bxc8 Rxc8 21.
Nxf6+ Nxf6 22. Rf5 h6 23. Nf3 e4 24. dxe4 Nxe4 25. Rd1 Qc7 26. Rf4 Rce8 27. Rd4
Nd6 28. Rd3 b5 29. axb6 axb6 30. Rfd4 Re6 31. Qd1 Rd8 32. e4 c5 33. Rd5 c4 34.
R3d4 c3 35. Ne1 f6 36. Nc2 Kf7 37. Rd3 g6 38. Nd4 Ree8 39. Qb3 Kg7 40. Rxc3 Qb7
41. Rc6 Nb5 42. Ne6+ Rxe6 43. Rxe6 Nd4 44. Rxd8 Nxb3 45. Red6 1-0

[Event "World Junior Chess Championship U18 b"]
[Site "Gaziantep"]
[Date "2008.08.10"]
[Round "8.22"]
[White "Hammer, Jon Ludvig"]
[Black "Rzayev, Bahruz"]
[Result "1-0"]
[WhiteElo "2494"]
[BlackElo "2245"]
[PlyCount "95"]
[EventDate "2008.08.??"]
[EventType "swiss"]
[EventRounds "13"]
[EventCountry "TUR"]

1. e4 c5 2. Nf3 Nc6 3. Bb5 g6 4. Bxc6 dxc6 5. d3 Bg7 6. h3 b6 7. O-O e5 8. Re1
Ne7 9. Nbd2 O-O 10. Nc4 Qc7 11. a4 Be6 12. a5 b5 13. Ncd2 h6 14. Nb3 Qd6 15.
Be3 Bxb3 16. cxb3 Rfd8 17. Qc1 Qxd3 18. Bxh6 f6 19. Bxg7 Kxg7 20. Qxc5 Qd6 21.
Qe3 Rd7 22. Re2 Qd3 23. Rae1 Rad8 24. Kf1 b4 25. Qxd3 Rxd3 26. Re3 Rxe3 27.
Rxe3 Kf7 28. Ke2 Ke6 29. Rd3 Rd6 30. h4 c5 31. Rxd6+ Kxd6 32. g4 Nc6 33. h5
gxh5 34. gxh5 Ke6 35. a6 Nd4+ 36. Nxd4+ cxd4 37. Kd3 f5 38. h6 fxe4+ 39. Kxe4
Kf7 40. f4 d3 41. Kxd3 exf4 42. Ke4 Kg6 43. Kxf4 Kxh6 44. Ke4 Kg6 45. Kd4 Kf6
46. Kc4 Ke6 47. Kxb4 Kd6 48. Ka5 1-0

[Event "World Junior Chess Championship U18 b"]
[Site "Gaziantep"]
[Date "2008.08.10"]
[Round "8.23"]
[White "Haridas, Pascua"]
[Black "Arun, Prasad Subramanian"]
[Result "0-1"]
[WhiteElo "2174"]
[BlackElo "2492"]
[PlyCount "112"]
[EventDate "2008.08.??"]
[EventType "swiss"]
[EventRounds "13"]
[EventCountry "TUR"]

1. d4 Nf6 2. c4 g6 3. Nc3 Bg7 4. e4 d6 5. Nf3 O-O 6. Be2 c5 7. O-O cxd4 8. Nxd4
Nc6 9. Be3 Bd7 10. Qd2 Ng4 11. Nxc6 bxc6 12. Bxg4 Bxg4 13. Bd4 Bxd4 14. Qxd4
Qb6 15. Qxb6 axb6 16. f4 Be6 17. b3 Ra3 18. Rf2 Rfa8 19. Re1 f6 20. Rd2 Kf7 21.
Re3 R8a7 22. Kf2 Rb7 23. Ne2 Bd7 24. Nc3 Be6 25. Ne2 Rba7 26. Nc3 Ke8 27. Kf3
h5 28. h3 Kf7 29. Kf2 Ra8 30. Kf3 Rb8 31. Ne2 Rba8 32. Nc3 h4 33. e5 dxe5 34.
fxe5 f5 35. Red3 g5 36. Rd8 Kg6 37. Rxa8 Rxa8 38. Na4 Rb8 39. c5 bxc5 40. Nxc5
Bd5+ 41. Kf2 g4 42. hxg4 fxg4 43. Kg1 g3 44. Rd1 Rh8 45. Nd3 Kg5 46. Ne1 Kf4
47. e6 Ke3 48. Nc2+ Ke2 49. Rf1 h3 50. Nd4+ Kd3 51. Rd1+ Kc3 52. Nf3 Bxf3 53.
gxf3 Rh6 54. Rc1+ Kd2 55. Ra1 Rxe6 56. a4 Re1+ 0-1

[Event "World Junior Chess Championship U18 b"]
[Site "Gaziantep"]
[Date "2008.08.10"]
[Round "8.24"]
[White "Borus, Denes"]
[Black "Constantinou, Peter"]
[Result "1-0"]
[WhiteElo "2472"]
[BlackElo "2225"]
[PlyCount "57"]
[EventDate "2008.08.??"]
[EventType "swiss"]
[EventRounds "13"]
[EventCountry "TUR"]

1. d4 g6 2. e4 Bg7 3. c4 d6 4. Nc3 e5 5. d5 f5 6. exf5 gxf5 7. Qh5+ Kf8 8. Bd3
Nf6 9. Qd1 Na6 10. Nge2 Qe8 11. Ng3 Qg6 12. h4 h6 13. h5 Qh7 14. Be3 Kf7 15. c5
dxc5 16. Bc4 Rd8 17. d6+ Kf8 18. Bxa6 bxa6 19. Qf3 e4 20. dxc7 Rd4 21. Qf4 Kg8
22. Qe5 Ng4 23. Qxc5 Nxe3 24. fxe3 Rd3 25. O-O Bxc3 26. bxc3 Qg7 27. Nxf5 Bxf5
28. Qxf5 Qxc7 29. Qe6+ 1-0

[Event "World Junior Chess Championship U18 b"]
[Site "Gaziantep"]
[Date "2008.08.10"]
[Round "8.25"]
[White "Dragicevic, Drazen"]
[Black "Can, Emre"]
[Result "0-1"]
[WhiteElo "2302"]
[BlackElo "2460"]
[PlyCount "96"]
[EventDate "2008.08.??"]
[EventType "swiss"]
[EventRounds "13"]
[EventCountry "TUR"]

1. e4 e6 2. d4 d5 3. Nc3 Bb4 4. Bd2 dxe4 5. Qg4 Qxd4 6. Nf3 Nh6 7. Qf4 e5 8.
Nxe5 Bd6 9. Nf3 Bxf4 10. Nxd4 Be5 11. Nb3 Ng4 12. Nxe4 Bxb2 13. Rb1 Be5 14. f4
Bd6 15. Nxd6+ cxd6 16. Be2 Nc6 17. h3 Nf6 18. Bf3 O-O 19. O-O Rb8 20. Bc3 Bf5
21. Nd4 Nxd4 22. Bxd4 b6 23. Rb2 Rbc8 24. c3 Rfe8 25. Rd1 Nd7 26. a4 Nc5 27. a5
bxa5 28. Rb5 a4 29. Bxc5 Rxc5 30. Rxc5 dxc5 31. Rd5 a3 32. Rd1 Rb8 33. Kf2 Bb1
34. Rd7 a6 35. Ra7 Bd3 36. Bd5 h5 37. Ke3 Bb5 38. Rxf7 Kh8 39. Ba2 Re8+ 40. Kf3
Re2 41. Rf8+ Kh7 42. Bg8+ Kh6 43. Rd8 g6 44. Rd7 Bxd7 45. Kxe2 c4 46. Bxc4 Bb5
47. Kd2 Bxc4 48. Kc2 h4 0-1

[Event "World Junior Chess Championship U18 b"]
[Site "Gaziantep"]
[Date "2008.08.10"]
[Round "8.26"]
[White "Sirin, Atakan"]
[Black "Papadopoulos, Ioannis"]
[Result "1/2-1/2"]
[WhiteElo "2107"]
[BlackElo "2490"]
[PlyCount "57"]
[EventDate "2008.08.??"]
[EventType "swiss"]
[EventRounds "13"]
[EventCountry "TUR"]

1. d4 Nf6 2. Nc3 d5 3. Bg5 Nbd7 4. Qd3 h6 5. Bxf6 Nxf6 6. e4 dxe4 7. Nxe4 Nxe4
8. Qxe4 g6 9. Nf3 Bg7 10. Bc4 Qd6 11. O-O-O Bf5 12. Qe3 e6 13. d5 Qb6 14. Qxb6
axb6 15. dxe6 Bxe6 16. Rhe1 O-O 17. Bxe6 fxe6 18. a3 Rae8 19. Rd7 Rf7 20. Rxf7
Kxf7 21. Ne5+ Kf6 22. f3 Rd8 23. Ng4+ Kf7 24. Nf2 Rd5 25. Ne4 Rh5 26. h3 Rb5
27. c3 Be5 28. Kc2 Bf4 29. c4 1/2-1/2

[Event "World Junior Chess Championship U18 b"]
[Site "Gaziantep"]
[Date "2008.08.10"]
[Round "8.27"]
[White "Swiercz, Dariusz"]
[Black "Benidze, Davit"]
[Result "1-0"]
[WhiteElo "2456"]
[BlackElo "2389"]
[PlyCount "108"]
[EventDate "2008.08.??"]
[EventType "swiss"]
[EventRounds "13"]
[EventCountry "TUR"]

1. Nf3 Nf6 2. c4 e6 3. Nc3 Bb4 4. Qc2 O-O 5. a3 Bxc3 6. Qxc3 d6 7. e3 b6 8. b4
a5 9. Bb2 Bb7 10. Be2 e5 11. O-O Ne4 12. Qc2 Nd7 13. d4 exd4 14. exd4 Ng5 15.
d5 Nxf3+ 16. Bxf3 Qh4 17. g3 Qg5 18. Be4 Nf6 19. f4 Qh6 20. Bf3 Rfe8 21. Rae1
axb4 22. axb4 Rxe1 23. Rxe1 Re8 24. Rxe8+ Nxe8 25. Qe4 Kf8 26. Bd4 Bc8 27. c5
bxc5 28. bxc5 dxc5 29. Bxc5+ Nd6 30. Qb1 Qf6 31. Qb8 Qa1+ 32. Kf2 Ke8 33. Bxd6
Qd4+ 34. Kf1 Qa1+ 35. Kg2 Qa2+ 36. Kf1 Qa1+ 37. Ke2 Qa6+ 38. Kf2 cxd6 39. Be2
Qb7 40. Qxd6 Qa7+ 41. Kg2 Qa2 42. Qe5+ Kd8 43. d6 Bb7+ 44. Kh3 Qe6+ 45. Qxe6
fxe6 46. Bb5 Bc8 47. Kh4 Bd7 48. Bd3 h6 49. Kh5 Be8+ 50. Bg6 Bc6 51. Bf7 Kd7
52. Kg6 Kxd6 53. Kxg7 e5 54. f5 e4 1-0

[Event "World Junior Chess Championship U18 b"]
[Site "Gaziantep"]
[Date "2008.08.10"]
[Round "8.28"]
[White "Djuraev, Sokhib"]
[Black "Georgescu, Tiberiu"]
[Result "1-0"]
[WhiteElo "2324"]
[BlackElo "2442"]
[PlyCount "81"]
[EventDate "2008.08.??"]
[EventType "swiss"]
[EventRounds "13"]
[EventCountry "TUR"]

1. e4 c5 2. Nf3 d6 3. d4 cxd4 4. Nxd4 Nf6 5. f3 e5 6. Nb3 d5 7. Bg5 Be6 8. Bxf6
gxf6 9. exd5 Qxd5 10. Qxd5 Bxd5 11. Nc3 Be6 12. O-O-O Nd7 13. Nb5 Ke7 14. Kb1
h5 15. Nd6 b6 16. Bd3 Bh6 17. Be4 Rad8 18. Nf5+ Bxf5 19. Bxf5 h4 20. g3 Bg5 21.
Rhe1 hxg3 22. hxg3 Nc5 23. Nxc5 bxc5 24. Rxd8 Rxd8 25. b3 Bd2 26. Rh1 c4 27.
Kb2 c3+ 28. Ka3 Rb8 29. b4 Be3 30. Ka4 Bd4 31. Bd3 Be3 32. Rh7 Rf8 33. g4 Bd4
34. Bc4 Be3 35. a3 Bd4 36. Ka5 Be3 37. Ka6 Bd4 38. Kb7 Be3 39. a4 f5 40. gxf5
Kf6 41. a5 1-0

[Event "World Junior Chess Championship U18 b"]
[Site "Gaziantep"]
[Date "2008.08.10"]
[Round "8.29"]
[White "Neimer, Vitaly"]
[Black "Ronchetti, Niccolo"]
[Result "1/2-1/2"]
[WhiteElo "2316"]
[BlackElo "2434"]
[PlyCount "68"]
[EventDate "2008.08.??"]
[EventType "swiss"]
[EventRounds "13"]
[EventCountry "TUR"]

1. e4 g6 2. Nc3 Bg7 3. g3 c6 4. Bg2 e5 5. Nge2 d6 6. d4 Qe7 7. O-O Nf6 8. f4
exd4 9. Nxd4 O-O 10. h3 Nbd7 11. Re1 Nc5 12. Kh2 Qc7 13. Be3 Re8 14. Bf2 Bd7
15. Nb3 Ne6 16. Qd2 Rad8 17. Rad1 Bc8 18. a4 b6 19. Nd4 Bb7 20. Nxe6 fxe6 21.
g4 d5 22. e5 Nd7 23. Bh4 Rc8 24. Kh1 a6 25. b3 c5 26. Ne4 Nxe5 27. Ng5 h6 28.
fxe5 hxg5 29. Qxg5 Kh7 30. Bg3 Rf8 31. Qh4+ Kg8 32. Qg5 Kh7 33. Qh4+ Kg8 34.
Qg5 Kh7 1/2-1/2

[Event "World Junior Chess Championship U18 b"]
[Site "Gaziantep"]
[Date "2008.08.10"]
[Round "8.30"]
[White "Baratosi, Daniel"]
[Black "Yashkin, Oleg"]
[Result "1-0"]
[WhiteElo "2433"]
[BlackElo "2307"]
[PlyCount "63"]
[EventDate "2008.08.??"]
[EventType "swiss"]
[EventRounds "13"]
[EventCountry "TUR"]

1. d4 d5 2. c4 e6 3. Nc3 Be7 4. cxd5 exd5 5. Nf3 c6 6. Bf4 Bf5 7. e3 Nd7 8. Bd3
Bxd3 9. Qxd3 Ngf6 10. h3 Nf8 11. O-O Ng6 12. Bg5 Nd7 13. Bxe7 Nxe7 14. b4 a6
15. a4 O-O 16. Rfb1 Nc8 17. e4 dxe4 18. Nxe4 Nf6 19. Nxf6+ Qxf6 20. b5 axb5 21.
axb5 Rxa1 22. Rxa1 Ne7 23. Ra7 b6 24. Ne5 Qe6 25. Qa3 Nc8 26. bxc6 Nxa7 27.
Qxa7 b5 28. Qc5 Rc8 29. f4 f6 30. d5 Qf5 31. d6 Ra8 32. Qd5+ 1-0

[Event "World Junior Chess Championship U18 b"]
[Site "Gaziantep"]
[Date "2008.08.10"]
[Round "8.31"]
[White "Toufighi, Tamijani Homayoon"]
[Black "Mijovic, Stefan"]
[Result "1-0"]
[WhiteElo "2425"]
[BlackElo "2289"]
[PlyCount "57"]
[EventDate "2008.08.??"]
[EventType "swiss"]
[EventRounds "13"]
[EventCountry "TUR"]

1. d4 d5 2. Bf4 Nf6 3. e3 e6 4. c4 c5 5. Nc3 cxd4 6. exd4 Nc6 7. Nf3 a6 8. c5
b6 9. b4 Be7 10. Bd3 O-O 11. a3 Nd7 12. O-O Bb7 13. Re1 Bf6 14. Bc2 Re8 15. Bd6
Be7 16. Bg3 Bf6 17. Rb1 Qc8 18. b5 Nxd4 19. Nxd4 bxc5 20. Nf3 Bxc3 21. Qd3 e5
22. Qxh7+ Kf8 23. Bh4 f6 24. Re3 d4 25. Rxc3 dxc3 26. Bf5 e4 27. Bg3 exf3 28.
Bd6+ Kf7 29. Qh5+ 1-0